000 00600nam a2200169 i 4500
001 115751
003 ES-MaACL
005 20230906190541.0
007 t|
008 070511s1947 sp ||||1| spa d
245 0 0 _aCentenario del Instituto de Enseñanza Media de La Laguna
_b: trabajos escolares.
260 _aLa Laguna de Tenerife :
_bUniversidad de La Laguna, Secretariado de Publicaciones,
_c1947.
300 _a41 p., 2 lám. ;
_c22 cm.
610 2 7 _aInstituto de Enseñanza Media de La Laguna.
_94870
710 2 _aUniversidad de La Laguna.
_97194
852 _aES-MaACL
_j1870-F-4
_bR.23852
999 _c115751
_d115751